Les origines indo-européennes ou Les Aryas primitifs (Record no. 162091)

MARC details
000 -LEADER
campo de control de longitud fija 00820nam a22002175i 4500
001 - NÚMERO DE CONTROL
campo de control 162091
003 - IDENTIFICADOR DE NÚMERO DE CONTROL
campo de control ES-MaACL
005 - FECHA Y HORA DE LA ÚLTIMA TRANSACCIÓN
campo de control 20230906212426.0
008 - DATOS DE LONGITUD FIJA--INFORMACIÓN GENERAL
campo de control de longitud fija 041103q18771900fr |||| | fre d
040 ## - FUENTE DE CATALOGACIÓN
Centro catalogador/agencia de origen CAM
Lengua de catalogación spa
Centro/agencia transcriptor CAM
100 1# - ENTRADA PRINCIPAL--NOMBRE DE PERSONA
Nombre de persona Pictet, Adolphe.
9 (RLIN) 131137
245 14 - MENCIÓN DEL TÍTULO
Título Les origines indo-européennes ou Les Aryas primitifs
Resto del título : essai de paléontologie linguistique /
Mención de responsabilidad, etc. par Adolphe Pictet.
250 ## - MENCION DE EDICION
Mención de edición 2e éd. rev. et augm.
260 ## - PUBLICACIÓN, DISTRIBUCIÓN, ETC.
Lugar de publicación, distribución, etc. Paris :
Nombre del editor, distribuidor, etc. Librairie Fischbacher,
Fecha de publicación, distribución, etc. [s.a.] (
Fabricante Imp. Ve. Plarousse et C.)
300 ## - DESCRIPCIÓN FÍSICA
Extensión 3 v. (VIII, 688 ; 422 ; 544 p.) ;
Dimensiones 23 cm.
596 ## - NOTA AL PIE DE IMPRENTA
NOTA AL PIE DE IMPRENTA La Librairie Fischbacher ejerce ca. 1877-1900.
650 04 - PUNTO DE ACCESO ADICIONAL DE MATERIA--TÉRMINO DE MATERIA
Término de materia o nombre geográfico como elemento de entrada Lenguas indoeuropeas-
Subdivisión general Historia.
9 (RLIN) 223598
740 41 - ENTRADA AGREGADA--TÍTULO RELACIONADO/ANALÍTICO NO CONTROLADO
Título relacionado o analítico no controlado Les Aryas primitifs.
852 ## - LOCALIZACIÓN
Ubicación ES-MaACL
Número de control de estantería F-11113-11115
Nota libre -- Enc. pasta española
Holdings
Estatus retirado Estado de pérdida Estado de daño No para préstamo Biblioteca de origen Biblioteca actual Ubicación en estantería Fecha de adquisición Fuente de adquisición Total de préstamos Signatura topográfica completa Código de barras Visto por última vez Precio de reemplazo Tipo de ítem Koha
        Biblioteca del Ateneo de Madrid Biblioteca del Ateneo de Madrid Sala Pecera Planta 2 17/01/2008     F-11113-11115 1169800 23/02/2023 23/02/2023 Libro impreso